|
|
|
|
| LEADER |
00000nas a2200000 a 4500 |
| 001 |
ssj0015669 |
| 003 |
WaSeSS |
| 005 |
20200512172242.0 |
| 006 |
m d |
| 007 |
cr n |
| 008 |
011002d20012014nyuqr p s 0 a0eng c |
| 010 |
|
|
|a 2001260232
|
| 015 |
|
|
|a 022871373
|2 dnb
|
| 016 |
7 |
|
|a 2063645-3
|2 DE-600
|
| 016 |
7 |
|
|a 007182695
|2 Uk
|
| 022 |
|
|
|l 1537-4246
|y 1537-4246
|
| 032 |
|
|
|a 519830
|b USPS
|
| 035 |
|
|
|a (WaSeSS)ssj0015669
|
| 037 |
|
|
|b National Resources Defense Council, 40 West 20th St., New York, NY 10011
|
| 040 |
|
|
|a JNA
|b eng
|c JNA
|d ORU
|d NSD
|d MAS
|d NYG
|d TXA
|d DLC
|d CUV
|d IUL
|d OCLCQ
|d GBVCP
|d UKMGB
|d OCLCQ
|d OCLCF
|d NDD
|d OCLCQ
|d YLS
|d OCLCO
|d LIP
|d XFH
|d WaSeSS
|
| 042 |
|
|
|a pcc
|a nsdp
|
| 043 |
|
|
|a n-us---
|
| 050 |
0 |
0 |
|a S930
|b .A65
|
| 082 |
1 |
0 |
|a 333
|2 13
|
| 130 |
0 |
|
|a Onearth (Natural Resources Defense Council)
|
| 222 |
|
0 |
|a Onearth
|b (Natural Resources Defense Council)
|
| 245 |
1 |
0 |
|a Onearth
|h [electronic resource] :
|b environment, politics, people.
|
| 246 |
3 |
|
|a On earth
|
| 246 |
3 |
|
|a One earth
|
| 260 |
|
|
|a New York, NY :
|b Natural Resources Defense Council,
|c ©2001-©2014.
|
| 310 |
|
|
|a Quarterly
|
| 362 |
0 |
|
|a Vol. 23, no. 3 (fall 2001) - Vol. 36, no. 2 (summer 2014).
|
| 362 |
1 |
|
|a Ceased with: Vol. 36, no. 2 (summer 2014).
|
| 500 |
|
|
|a Title from cover.
|
| 506 |
|
|
|a License restrictions may limit access.
|
| 588 |
|
|
|a Latest issue consulted: Vol. 36, no. 2 (summer 2014).
|
| 610 |
2 |
0 |
|a Natural Resources Defense Council
|x Trials, litigation, etc.
|v Periodicals.
|
| 610 |
2 |
7 |
|a Natural Resources Defense Council.
|2 fast
|0 (OCoLC)fst00556803
|
| 650 |
|
0 |
|a Conservation of natural resources
|z United States
|v Periodicals.
|
| 650 |
|
0 |
|a Environmental protection
|z United States
|v Periodicals.
|
| 650 |
|
0 |
|a Conservation of natural resources
|v Periodicals.
|
| 650 |
|
0 |
|a Environmental protection
|v Periodicals.
|
| 650 |
|
0 |
|a Environmental law
|z United States
|v Periodicals.
|
| 650 |
|
0 |
|a Environmental policy
|x Research
|z United States
|v Periodicals.
|
| 650 |
|
7 |
|a Conservation of natural resources.
|2 fast
|0 (OCoLC)fst00875502
|
| 650 |
|
7 |
|a Environmental law.
|2 fast
|0 (OCoLC)fst00913122
|
| 650 |
|
7 |
|a Environmental policy
|x Research.
|2 fast
|0 (OCoLC)fst00913299
|
| 650 |
|
7 |
|a Environmental protection.
|2 fast
|0 (OCoLC)fst00913324
|
| 650 |
|
7 |
|a Trials.
|2 fast
|0 (OCoLC)fst01156290
|
| 651 |
|
7 |
|a United States.
|2 fast
|0 (OCoLC)fst01204155
|
| 655 |
|
0 |
|a Electronic journals.
|
| 710 |
2 |
|
|a Natural Resources Defense Council.
|
| 780 |
0 |
0 |
|t Amicus journal
|x 0192-5776
|w (DLC) 81641215
|w (OCoLC)6567953
|
| 850 |
|
|
|a DLC
|
| 853 |
2 |
0 |
|8 1
|a v.
|b no.
|u 4
|v r
|i (year)
|j (season)
|w q
|
| 856 |
4 |
0 |
|z Full text available from Research Library: Fall 2001 to 10/31/2006
|u https://search.proquest.com/publication/25772
|
| 863 |
4 |
1 |
|8 1.1
|a 23
|b 3
|i 2001
|j 23
|